IATA Codes of Sumatra Airports - Statistics

General Stats
  • This quiz has been taken 16 times
  • The average score is 9 of 12
Answer Stats
Hint Answer % Correct
BTH Batam
87%
PDG Padang
87%
PLM Palembang
87%
PKU Pekanbaru
87%
BTJ Banda Aceh
80%
BKS Bengkulu
80%
DJB Jambi
80%
KNO Kuala Namu
80%
TNJ Tanjung Pinang
80%
TKG Bandar Lampung
73%
PGK Pangkal Pinang
73%
GNS Gunungsitoli
47%
No matching quizzes found
Score Distribution
Percent of People with Each Score
Percentile by Number Answered
Your Score History
You have not taken this quiz